| 000 | 00535nam a2200169 a 4500 | ||
|---|---|---|---|
| 001 | 1825 | ||
| 003 | CDMR | ||
| 005 | 20130320103506.0 | ||
| 008 | 130130s1997||||||||||||||||||||||||||||d | ||
| 020 | _a8489727392 | ||
| 040 |
_aCDMR _bcat _cCPC LLEIDA |
||
| 245 | 1 | 0 |
_aL'empresa en el marc econòmic actual _cManuel Ruíz i González, editor ; Manuel Balseiro i González [col.] ...[et al.] |
| 260 |
_aLleida _c1997 _bUniversitat de Lleida |
||
| 490 | 0 |
_aEconomia i empresa _v5 |
|
| 700 | 1 |
_9529 _aRuiz González, Manuel _eed. |
|
| 942 |
_cMON _2udc |
||
| 999 |
_c1825 _d1825 |
||